Práva a povinnosti rodičov a detí

Bibliographic Details
Main Author: Ondruška, Peter (Author)
Format: Article
Language:Slovak
PhysicalDescription:Obr. 1
Subjects:

MARC

LEADER 00000nab a2200000 a 4500
001 vtls000521072
003 SK-MaSNL
005 20260303015441.0
008 120928c1994 xo 0 slo
015 |a SNBRB19rr/mm-uuuuu 
035 |a CL0521210 
040 |a SNKBUCL  |b slo  |c SNKBUCL  |e AACR2 
041 0 |a slo 
044 |a xo  |c SK 
080 |a 37.064:347.63:173.5/.6  |2 1981 
080 |a 347.63  |2 1981 
080 |a 173.5/.6  |2 1981 
100 1 |a Ondruška, Peter  |4 aut  |9 684133 
245 1 0 |a Práva a povinnosti rodičov a detí  |c Peter Ondruška 
300 |b Obr. 1 
650 0 7 |a deti  |2 snkbucl  |9 773 
650 0 7 |a rodičia  |2 snkbucl  |9 24378 
655 7 |a články z novín a časopisov  |2 snkbucl  |9 267496 
773 0 |t Roma  |g Roč. 5, č. 3-4 (1994), s. 16-17 
850 |a Slovenská národná knižnica v Martine  |a MTA001 
852 |a SNK  |b KIS3GCP 
958 |a RK 
992 |a RBX 
999 |c 1612901  |d 1614831